| 000 | 00515nam a22001577a 4500 | ||
|---|---|---|---|
| 008 | 160503b xxu||||| |||| 00| 0 eng d | ||
| 020 | _a971086856x | ||
| 082 |
_22007 _aDFil 800 _bT11 |
||
| 100 |
_97332 _aTabotabo, Claudio V. |
||
| 245 |
_aA travel to the literature of the world/ _cClaudio V. Tabotabo |
||
| 260 |
_aMandaluyong City: _bNational Book Store, _cc2007. |
||
| 300 |
_axviii, 361 pages: _billustrations; _c22.5 cm. |
||
| 500 | _aInclude references. | ||
| 650 | 0 |
_97328 _aWorld literature |
|
| 942 |
_2ddc _cDFIL |
||
| 999 |
_c2240 _d2240 |
||